| 000 | 00656nac a22002171u 4500 | ||
|---|---|---|---|
| 008 | 220801b |||||||| |||| 00| 0 eng d | ||
| 010 | _a 97046929 | ||
| 020 | _a0135782619 | ||
| 020 | _a9780135782613 | ||
| 040 |
_aEG-ScBUE _cEG-ScBUE |
||
| 082 | 0 | 0 |
_a620.1/054 _bH6243 |
| 100 | _aHibbeler, R. C. | ||
| 245 | 1 | 0 |
_aEngineering mechanics : Dynamics _pDynamics / _cR.C. Hibbeler. |
| 250 | _a8th ed. | ||
| 260 |
_aUpper Saddle River, N.J. : _bPrentice Hall, 1998 _cc1998. |
||
| 300 |
_axvi, 672 p. : _bill. (some col.) ; _c25 cm. |
||
| 500 | _aIncludes index. | ||
| 650 | 0 |
_aDynamics. _2BUEsh |
|
| 651 | _2BUEsh | ||
| 942 |
_k620.1054H6243 _2ddc |
||
| 999 |
_c214 _d214 |
||